| 000 | 00611nam a22002057a 4500 | ||
|---|---|---|---|
| 003 | OSt | ||
| 005 | 20140310182944.0 | ||
| 008 | 130204t xxu||||| |||| 00| 0 eng d | ||
| 020 | _a9789712348648 | ||
| 050 |
_aHF 5636 _b.Eb16 2007 |
||
| 100 | _aEbusca, Saturnino Yadao. | ||
| 245 |
_aBookkeeping for servicing and merchandising firms : _b an introduction to accounting / _cSaturnino Yadao Ebusca, Jaime Rodriguez Lopez |
||
| 260 |
_aManila ; _bRex Book Store, _c2007. |
||
| 300 |
_a454 p. : _c23 cm. _bill. ; |
||
| 521 | _aBSA | ||
| 562 | _e2 | ||
| 942 |
_2lcc _cBK _kLOC |
||
| 999 |
_c17767 _d17767 |
||